[Event "Titled Tuesday intern op 13th Aug Early"]
[Site "Chess.com INT"]
[Date "2024.08.13"]
[Round "8"]
[White "Dmitrenko, Viktor"]
[Black "Carroll, Thomas"]
[Result "0-1"]
[WhiteElo "2395"]
[BlackElo "2111"]
[PlyCount "82"]
[EventDate "2024.08.13"]
[EventType "swiss (blitz)"]
[EventRounds "11"]
[EventCountry "USA"]
[SourceTitle "EXT 2025"]
[Source "ChessBase"]
[SourceDate "2024.10.14"]
[SourceVersion "1"]
[SourceVersionDate "2024.10.14"]
[SourceQuality "1"]

1. e4 e6 2. d4 d5 3. e5 c5 4. c3 b6 5. h4 Ne7 6. h5 h6 7. Nf3 Nbc6 8. Be2 Bd7 9. 0-0 a5 10. Na3 Nc8 11. Nb5 Be7 12. Bf4 a4 13. Nd6+ Nxd6 14. exd6 Bf6 15. Ne5 0-0 16. Nxd7 Qxd7 17. Bb5 a3 18. bxa3 Rfd8 19. a4 Qb7 20. Rc1 Na7 21. Bd3 Nc8 22. Bc2 Nxd6 23. Qd3 Ne4 24. f3 c4 25. Qe3 Nd6 26. g4 Qd7 27. Kh2 Qe7 28. Rg1 Bg5 29. Rcf1 b5 30. Kg3 Bxf4+ 31. Qxf4 Qg5 32. Qxg5 hxg5 33. axb5 Nxb5 34. a4 Nxc3 35. Ra1 Ne2+ 36. Kf2 Nxg1 37. Kxg1 Rdb8 38. a5 Rb5 39. Kf2 Raxa5 40. Rb1 Rxb1 41. Bxb1 Ra1 0-1

[Event "Titled Tuesday intern op 13th Aug Late"]
[Site "Chess.com INT"]
[Date "2024.08.13"]
[Round "2"]
[White "Dmitrenko, Viktor"]
[Black "Coe, William R"]
[Result "1-0"]
[WhiteElo "2395"]
[BlackElo "2078"]
[PlyCount "63"]
[EventDate "2024.08.13"]
[EventType "swiss (blitz)"]
[EventRounds "11"]
[EventCountry "USA"]
[SourceTitle "EXT 2025"]
[Source "ChessBase"]
[SourceDate "2024.10.14"]
[SourceVersion "1"]
[SourceVersionDate "2024.10.14"]
[SourceQuality "1"]

1. e4 c5 2. Nf3 e6 3. d4 cxd4 4. Nxd4 a6 5. Bd3 b5 6. a4 b4 7. 0-0 Bb7 8. Qe2 Nc6 9. Nxc6 dxc6 10. a5 Nf6 11. Nd2 Qc7 12. e5 Nd5 13. Nc4 Be7 14. Qg4 g6 15. Bh6 c5 16. Rfe1 Rd8 17. Rad1 Qc6 18. Bf1 Bc8 19. Bg7 Rg8 20. Bh6 f5 21. exf6 Nxf6 22. Rxd8+ Kxd8 23. Qg3 Nd5 24. Bg5 Rf8 25. Bxe7+ Kxe7 26. Qh4+ Nf6 27. Ne5 Qd5 28. Qc4 Qxc4 29. Bxc4 Bb7 30. Nd3 Nd5 31. Nxc5 Bc8 32. Bxd5 1-0

[Event "Titled Tuesday intern op 13th Aug Late"]
[Site "Chess.com INT"]
[Date "2024.08.13"]
[Round "11"]
[White "Dmitrenko, Viktor"]
[Black "Deveci, Huseyin Said"]
[Result "0-1"]
[WhiteElo "2395"]
[BlackElo "2227"]
[PlyCount "46"]
[EventDate "2024.08.13"]
[EventType "swiss (blitz)"]
[EventRounds "11"]
[EventCountry "USA"]
[SourceTitle "EXT 2025"]
[Source "ChessBase"]
[SourceDate "2024.10.14"]
[SourceVersion "1"]
[SourceVersionDate "2024.10.14"]
[SourceQuality "1"]

1. Nf3 Nf6 2. c4 c5 3. Nc3 Nc6 4. e3 e5 5. Be2 d6 6. 0-0 Be7 7. d4 e4 8. Nd2 cxd4 9. exd4 Nxd4 10. Ndxe4 Nxe2+ 11. Qxe2 Nxe4 12. Qxe4 0-0 13. Bf4 Be6 14. Rad1 Rc8 15. b3 Qa5 16. Nd5 Rfe8 17. Nxe7+ Rxe7 18. Bxd6 Ree8 19. Qxb7 Qxa2 20. Ra1 Qe2 21. Rxa7 Rxc4 22. bxc4 Qxf1+ 23. Kxf1 Bxc4+ 0-1

[Event "Titled Tuesday intern op 13th Aug Late"]
[Site "Chess.com INT"]
[Date "2024.08.13"]
[Round "9"]
[White "Dmitrenko, Viktor"]
[Black "Hristodoulou, Panagiotis"]
[Result "1/2-1/2"]
[WhiteElo "2395"]
[BlackElo "2407"]
[PlyCount "137"]
[EventDate "2024.08.13"]
[EventType "swiss (blitz)"]
[EventRounds "11"]
[EventCountry "USA"]
[SourceTitle "EXT 2025"]
[Source "ChessBase"]
[SourceDate "2024.10.14"]
[SourceVersion "1"]
[SourceVersionDate "2024.10.14"]
[SourceQuality "1"]

1. Nf3 g6 2. e4 Bg7 3. d4 c5 4. d5 d6 5. c4 Nf6 6. Nc3 0-0 7. h3 e6 8. Bd3 exd5 9. exd5 Re8+ 10. Be3 Rxe3+ 11. fxe3 Qe7 12. e4 Nbd7 13. 0-0 Nh5 14. Qd2 Ne5 15. Be2 Ng3 16. Rf2 Bd7 17. Re1 Re8 18. b3 Nxf3+ 19. Bxf3 Bd4 20. Nd1 Qh4 21. Kh2 h5 22. Qa5 g5 23. Qc7 Bxh3 24. gxh3 g4 25. Bxg4 Bxf2 26. Nxf2 hxg4 27. Qd7 Rxe4 28. Rxe4 Nxe4 29. Qxg4+ Qxg4 30. Nxg4 Kg7 31. Kg2 Nc3 32. a4 Ne4 33. Ne3 Kf6 34. Nf1 Ke5 35. Kf3 f5 36. h4 Nf6 37. Ne3 a6 38. Ng2 Nh5 39. Ne3 b6 40. Ng2 b5 41. cxb5 axb5 42. a5 Kxd5 43. Nf4+ Nxf4 44. Kxf4 c4 45. bxc4+ bxc4 46. Ke3 f4+ 47. Kxf4 Kd4 48. a6 c3 49. a7 c2 50. a8Q c1Q+ 51. Kg4 Qg1+ 52. Kh5 Qd1+ 53. Kg5 Qd2+ 54. Kh5 Qe2+ 55. Kg5 Qe5+ 56. Kg4 Qg7+ 57. Kh3 Qd7+ 58. Kg3 d5 59. Qa1+ Ke4 60. Qe1+ Kf5 61. Qf2+ Kg6 62. Qf4 d4 63. Qe4+ Kf6 64. Qf4+ Kg7 65. Qg4+ Qxg4+ 66. Kxg4 Kg6 67. Kf3 Kh5 68. Ke4 Kxh4 69. Kxd4 1/2-1/2

[Event "Titled Tuesday intern op 13th Aug Late"]
[Site "Chess.com INT"]
[Date "2024.08.13"]
[Round "1"]
[White "Klekowski, Maciej"]
[Black "Dmitrenko, Viktor"]
[Result "1-0"]
[WhiteElo "2463"]
[BlackElo "2395"]
[PlyCount "57"]
[EventDate "2024.08.13"]
[EventType "swiss (blitz)"]
[EventRounds "11"]
[EventCountry "USA"]
[SourceTitle "EXT 2025"]
[Source "ChessBase"]
[SourceDate "2024.10.14"]
[SourceVersion "1"]
[SourceVersionDate "2024.10.14"]
[SourceQuality "1"]

1. c4 e6 2. Nc3 d5 3. e3 Nf6 4. Nf3 c6 5. b3 Nbd7 6. Bb2 a6 7. Qc2 b5 8. Be2 Bb7 9. Rg1 b4 10. Na4 c5 11. g4 h6 12. h4 dxc4 13. bxc4 Bc6 14. g5 hxg5 15. hxg5 Ne4 16. g6 f5 17. d3 Nef6 18. Ng5 Qa5 19. Nc3 bxc3 20. Bxc3 Qa4 21. Qc1 0-0-0 22. Bd1 Ne5 23. Bxe5 Qa5+ 24. Bc3 Qc7 25. Nxe6 Qh2 26. Rf1 Rxd3 27. Be2 Rd7 28. Qa3 Bb7 29. Nxf8 1-0